000 00317nam a2200121Ia 4500
008 240624s9999 xx 000 0 und d
041 _aeng
082 _a658.3 TYS
100 _aTYSON SHAUN
245 _aSTRATEGIC PERSPETIVE FOR HRM
260 _c2003
_aMumbai
_bJaico Publishing House
300 _ax, : 294 : p. : cm. ; 24
999 _c968
_d968